Vol. 47, January; Physical Review. Ser. E

গ্রন্থ-পঞ্জীর বিবরন
Parent link:Physical Review. Ser. E=Statistical physics, plasmas, fluids and related interdisciplinary topics: journal/ The American Physical Society. Vol. 47, January.— , 1993-1994.— 1063-651X
ভাষা:ইংরেজি
প্রকাশিত: 1993
বিন্যাস: MixedMaterials গ্রন্থ
KOHA link:https://koha.lib.tpu.ru/cgi-bin/koha/opac-detail.pl?biblionumber=553264

MARC

LEADER 00000nam2a2200000 4500
001 553264
005 20231101121235.0
035 |a (RuTPU)RU\TPU\prd\247092 
035 |a RU\TPU\prd\245744 
090 |a 553264 
100 |a 20151203a19939999k y0engy50 ba 
101 0 |a eng 
102 |a US 
200 0 |a Vol. 47, January 
210 |d 1993 
461 1 |0 (RuTPU)RU\TPU\prd\70  |x 1063-651X  |t Physical Review. Ser. E  |l Statistical physics, plasmas, fluids and related interdisciplinary topics  |o journal  |f The American Physical Society  |v Vol. 47, January  |d 1993-1994 
801 0 |a RU  |b 63413507  |c 20010227  |g PSBO 
801 1 |a RU  |b 63413507  |c 20080423  |g PSBO 
801 2 |a RU  |b 63413507  |c 20160206  |g PSBO 
942 |c BK 
999 |a НТБ_ТПУ  |b НФ  |e -14/20150112  |p П-558E  |u 0,00  |v 1